El nuevo impuesto sobre grandes establecimientos comerciales (comentarios prc̀ticos a la legislacin̤ catalana, con referencias a su equivalente navarro) /

Bibliographic Details
Other Authors: Balcells Iranzo, Salvador (Conductor), Manubens Florensa, Carlos (Conductor), Pich Frutos, Eva (Conductor)
Format: Unknown
Language:Spanish
Published: Barcelona : J.M. Bosch, D.L. 2002
Subjects:
Online Access:Acceso restringido

MARC

LEADER 00000ny a22000003n 4500
005 20110531133739.0
008 030711s2002 sp s 001 0 spa c
017 |a D.L. B.24588-2002 
020 |a 8476986629 
035 |a 136 
040 |a SpMaUCDE  |d vLex 
040 |a UMA.RE  |d vLex 
080 |a 336.22:339.378.2(460.23:460.16)(094) 
080 |a 339.378.2:336.22(460.23:460.16)(094) 
090 |c 381  |d 381 
245 0 3 |a El nuevo impuesto sobre grandes establecimientos comerciales  |h [Recurso electrn̤ico]  |b (comentarios prc̀ticos a la legislacin̤ catalana, con referencias a su equivalente navarro) /  |c directores de la obra: Carlos Manubens Fl 
256 |a Servicio en ln̕ea 
260 |a Barcelona :  |b J.M. Bosch,  |c D.L. 2002 
300 |a 194 p. ;  |c 21 cm 
506 1 |a Contenido solo disponible en los productos indicados  |d vLex Global  |d vLex Global (Academic Edition, excluding Law Schools)  |d vLex Global (U.S. Academic Edition, Law Schools)  |d vLex Global (U.S. Academic Edition, excluding Law Schools)  |d vLex Global (Academic Edition, Law Schools) 
650 0 7 |a Tributario  |2 Tesauro vLex 
650 0 7 |a Impuestos  |2 Tesauro vLex 
650 0 7 |a Derecho tributario  |2 Tesauro vLex 
650 0 7 |a Impuestos  |2 Tesauro vLex 
700 1 |a Balcells Iranzo, Salvador,  |e dir 
700 1 |a Manubens Florensa, Carlos,  |e dir 
700 1 |a Pich Frutos, Eva,  |e dir 
740 0 |a vLex Libros (Servicios en ln̕ea) 
856 4 0 |u http://vlex.com/source/136  |z Acceso restringido 
942 |c BOOK 
999 0 |a Taxation   |b Barcelona